000 00512nam a2200181Ia 4500
005 20251020182600.0
008 200515s9999 xx 000 0 und d
082 _aSC/331/O36/2
110 _aOIT
245 0 _aEl trabajo en el mundo : Relaciones de trabajo, normas internacionales de trabajo, formación, condiciones de trabajo, la mujer en el trabajo
260 _aGinebra
260 _c1985
300 _a269
650 _aEMPLEO
650 _aPUB OIT
650 _aRELACIONES DE TRABAJO
942 _cLIB
999 _c3034
_d3034